| 000 | 00866nam a2200265 i 4500 | ||
|---|---|---|---|
| 003 | DO-SdBNP | ||
| 005 | 20250506120550.0 | ||
| 007 | ta | ||
| 008 | 250506b2024 dr c|||| |||| 00| 0 spa d | ||
| 020 | _a9789945290912 | ||
| 040 |
_aDO-SdBNP _bspa _cBNPHU _erda |
||
| 082 | 4 |
_axxx _bxxx _222 |
|
| 100 | 1 |
_aMorrison, Mateo, _d1947- _eautor _4aut. _91469 |
|
| 245 | 1 | 0 |
_aJuan Sánchez Lamouth : _bcomo poeta de la negritud / _cMateo Morrison |
| 264 |
_aSanto Domingo : _bEditores Tiempo de Nosotros, _c2024. |
||
| 300 |
_a50 páginas : _bretratos ; _c22 cm. |
||
| 336 |
_atexto _btxt _2rdacontent |
||
| 337 |
_asin mediación _bn _2rdamedia |
||
| 338 |
_avolumen _bnc _2rdacarrier |
||
| 490 | _aColección Autores Dominicanos | ||
| 500 | _aIncluye datos biográficos del autor en las solapas | ||
| 590 | _aInventariado, 2025/BT | ||
| 910 | _aBtavárez | ||
| 942 |
_2ddc _cLF2 |
||
| 999 |
_c58942 _d58942 |
||